000 00387nam a22001337a 4500
008 230623b xxu||||| |||| 00| 0 eng d
020 _a9966900233
082 _a330.
_bINA 1997
245 _aInstitutional , Traditional and Asset Pricing Characteristics of the Nigerian Stock Exchange
260 _bEconomic Research Consortium
_c1997
300 _a27p
440 _n60
942 _2ddc
_cBK
999 _c2433
_d2433